| 000 | 00368nam a22001457a 4500 | ||
|---|---|---|---|
| 008 | 231205b |||||||| |||| 00| 0 eng d | ||
| 082 | _a657 DAS | ||
| 100 | _aDas, Monilal. | ||
| 245 | _aPrinciples of Accounts | ||
| 250 | _a7th ed. | ||
| 260 |
_akolkata : _bAbhijit Biswas, _c1998. |
||
| 300 |
_a1024 p: _c23.5 Cm |
||
| 700 |
_aDas, Chandrima. _eAuthor |
||
| 942 | _2ddc | ||
| 999 |
_c9760 _d9761 |
||